|
|
|
|
| LEADER |
01234nam a2200349Ia 4500 |
| 001 |
EBC1083564 |
| 003 |
MiAaPQ |
| 005 |
20200520144314.0 |
| 006 |
m o d | |
| 007 |
cr cn||||||||| |
| 008 |
120727s2013 nyu sb 001 0 eng d |
| 020 |
|
|
|z 9789400754546
|
| 020 |
|
|
|a 9789400754553 (electronic bk.)
|
| 035 |
|
|
|a (MiAaPQ)EBC1083564
|
| 035 |
|
|
|a (Au-PeEL)EBL1083564
|
| 035 |
|
|
|a (CaPaEBR)ebr10622317
|
| 035 |
|
|
|a (CaONFJC)MIL422116
|
| 035 |
|
|
|a (OCoLC)821190387
|
| 040 |
|
|
|a MiAaPQ
|c MiAaPQ
|d MiAaPQ
|
| 050 |
|
4 |
|a HB615
|b .E77 2013
|
| 245 |
0 |
0 |
|a Essentials of risk theory
|h [electronic resource] /
|c Sabine Roeser ...[et. al.].
|
| 260 |
|
|
|a New York :
|b Springer Verlag,
|c c2013.
|
| 300 |
|
|
|a xi, 148 p.
|
| 490 |
0 |
|
|a SpringBriefs in philosophy
|
| 504 |
|
|
|a Includes bibliographical references and index.
|
| 533 |
|
|
|a Electronic reproduction. Ann Arbor, MI : ProQuest, 2016. Available via World Wide Web. Access may be limited to ProQuest affiliated libraries.
|
| 650 |
|
0 |
|a Risk.
|
| 650 |
|
0 |
|a Risk assessment.
|
| 655 |
|
4 |
|a Electronic books.
|
| 700 |
1 |
|
|a Roeser, Sabine.
|
| 710 |
2 |
|
|a ProQuest (Firm)
|
| 856 |
4 |
0 |
|u https://ebookcentral.proquest.com/lib/matrademy/detail.action?docID=1083564
|z Click to View
|